000 01086nam a2200313 i 4500
001 000009459
003 DO-SdBNP
005 20250128123754.0
007 ta
008 090930s2009 dr 000 p spa d
020 _a9789945131208
040 _aDO-SdBNP
_bspa
_cBNPHU
_erda
082 4 _aRD861.44
_bL581m
_222
100 1 _aLeonardo, Reina,
_924261
_eautor
245 1 0 _aMi lira azul :
_bun encuentro contigo mismo... /
_cReina Leonardo ; prólogo, Fausto Mota García.
264 _aSanto Domingo :
_bMediabyte,
_c2009.
300 _a75 páginas ;
_c23 cm.
336 _2rdacontent
_atexto
_btxt
337 _2rdamedia
_asin mediación
_bn
338 _2rdacarrier
_avolumen
_bnc
500 _aIncluye datos biográficos del autor en la contracubierta.
590 _aLa biblioteca posee 2 ejemplares autografiados por el autor.
590 _aInventariado, 2023 /MFF
650 4 _aPoesía dominicana
_966
650 0 _aLiteratura dominicana.
_967
700 1 _aMota García, Fausto,
_d1955-
_eprólogo
_931957
910 _aValidado. Control de calidad MFF
942 _2ddc
_cLBS1
999 _c9219
_d9219